000 00343 a2200157 4500
001 61890
020 _a9780194233798
040 _cAnchieta - Pituba
100 _aPotter, Joc
240 1 0 _aAnimals in danger
_leng
245 1 0 _aAnimals in danger
300 _a56
362 0 _a2008
650 4 _aLiteratura juvenil em inglês
942 _cBK
999 _c61890
_d61890